00287nam a2200109Ia 4500082001200000100002500012245005700037260002800094300001000122650002800132710001700160 aTP.0280 aPrasad, Bammidi Devi 0aDowry practice in the urban setting : A causal study c1987bAndhra University a443p. aDOWRY - ANDHRA PRADESH  aRamana, K.V.